| 000 | 00699nam a2200193 a 4500 | ||
|---|---|---|---|
| 001 | 000039673 | ||
| 005 | 20201002033654.0 | ||
| 008 | 130715s1945 ag a 000 0 spa d | ||
| 040 |
_aDO-SdBNP _bspa _cBNPHU |
||
| 082 | _axxx | ||
| 100 | 1 |
_aVasari, Giorgio _965866 |
|
| 240 | 1 | 0 |
_aLe vite de piú celebri pittori, scultori e architettori _lespañol |
| 245 | 1 | 0 |
_aVidas de pintores, escultores y arquitectos ilustres / _cGiorgio Vasari ; traducción Juan B. Righini y Ernesto Bonasso. |
| 260 |
_aArgentina : _bEl ateneo, _c1945. |
||
| 300 |
_av. : _bil. ; _c24 cm. |
||
| 500 | _aLa biblioteca posee el volumen 2. | ||
| 700 | 1 |
_aRighini, Juan B., _etr. _965867 |
|
| 700 | 1 |
_aBonasso, Ernesto, _etr. _965868 |
|
| 999 |
_c39163 _d39163 |
||